Statistiques concernant Le Sri Lanka

Cliquez ici pour prendre le quiz!

Statistiques générales

  • Ce quiz a été pris 41 fois
  • Le résultat moyen est 10 sur 30

Statistiques - réponses

QuestionRéponse% Correct
capitale économique et plus grande ville du paysColombo
90%
dans quel océan est situé ce paysOcéan Indien
87%
son ancien nom jusqu'en 1972Ceylan
85%
à quel continent le rattache-t-onAsie
85%
pays situé à 31 km au sud-estInde
74%
catastrophe naturelle en 2004 qui dévasta le paystsunami
56%
il en est le 3° producteur mondialthé
51%
26% de la population parle cette languetamoul
51%
animal qui orne le drapeau nationallion
49%
sport national héritage de la colonisation britanniquecricket
46%
sa capitale politiqueSri Jayawardenapura
44%
régime politiqueRépublique
36%
année de son indépendance1948
33%
religion dominanteboudhisme
33%
animal emblématique du payséléphant
33%
73% de la population parle cette languecinghalais
28%
sa monnaieroupie srilankaise
21%
un temple de la ville de Kandy abrite une relique sacréedent
15%
ancien nom de cette capitale politiqueKotte
13%
nom du mouvement créé par Velupillai Prabhakarantigres tamouls
13%
site touristique classé au patrimoine mondial de l'humanitéSigiriya
13%
nom du pont séparant le golfe de Mannar de ce détroitAdam
10%
sous quel nom est également connu ce siterocher du lion
8%
hymne national du paysSri Lanka Matha
5%
nom du détroit qui sépare les deux paysPalk
3%
ressources minières fabuleusesgemmes
0%
nom du whisky localarak
0%
que signifie lankaîle resplendissante
0%
nom du sommet sacrépic d'adam
0%
nom du plus haut sommet du pays (2524 m)Pidurutalagala
0%

Distribution des résultats

Percentile par nombre de réponses

% des personnes avec chaque résultat

Votre développement - résultats

Vous n’avez pas pris ce quiz